000 00421nam a2200157Ia 4500
008 240729s9999 xx 000 0 und d
022 _a0976-2361
245 0 _aContemporary Clinical Dentistry
260 _aIndia
260 _bWolters Kluwer Medknow Publications
650 _a Dentistry
650 _aMedicine
856 _uhttps://doaj.org/toc/488c29ad50f7463e9133d9279955ff3e
942 _2ddc
942 _cDOAJEJ
999 _c71723
_d71723
945 _a1
_bMadushi Gamage
_c1
_dMadushi Gamage